• 首页
  • 本馆介绍
  • 公告通知
  • 最新文献
  • 馆藏检索
  • 电子资源
  • 读者导购
  • 参考咨询
  • 我的图书馆
  • 登录
  • 详细信息显示
  • 放入我的书架
  • 预约/预借图书
  • 作者相关作品
  • 分类相关作品
  • 丛书相关作品
  • 出版社相关作品

书目信息

  • 表格格式
  • 工作单格式
  • 卡片格式
题名:
红楼梦戏曲集
    
 
作者: 阿英 编
分册: 下册  
出版信息: 北京   中华书局出版社  1978.1
页数: 432-820页
开本: 20cm
丛书名:
单 册:
中图分类: I230.6
科图分类:
主题词: 戏剧--剧本--中国--作品综合集
电子资源:
ISBN:
000 00535nam0 2200193 45
001 0312221749
005 20050105165540.0
010    @dCNY2.452
100    @a20031222d1978 km y0chiy0120 ea
101    @achi
105    @a z 000yy
200 1  @a红楼梦戏曲集@AHong Lou Meng Xi Qu Ji@h下册@f阿英编@FA Ying Bian
210    @a北京@c中华书局出版社@d1978.1
215    @a432-820页@d20cm
606 0  @a戏剧@x剧本@x中国@x作品综合集
690    @aI230.6@v3
701 0  @a阿英@4编
801    @aCN@bTSTCL@c20031222
905    @dI230.6@e90:2@f1@b211490
    
    红楼梦戏曲集.下册/阿英编.-北京:中华书局出版社,1978.1
    432-820页;20cm
    
    
    ISBN :CNY2.452
    
●
相关链接 在E读中查询图书 在五车中查询图书 在当当中查询图书 在豆瓣中查询图书


正题名:红楼梦戏曲集     索取号:I230.6/90:2         预约/预借

序号 登录号 条形码 馆藏地/架位号 状态 备注
1 0211490   000767129   第一样本阅览室/ [索取号:I230.6/90:2] 在馆    
唐山师范学院图书馆 欢迎您!
大连网信软件有限公司© 版权所有